000 00736 a2200181 4500
003 Nust
005 20230119150015.0
020 _a969-370139-9
040 _cNust
082 _a659.295491,MAS
100 _aMasood, Alauddin
_93839
245 _aPublic relations in pakistan /
_cAlauddin Masood,
260 _aIslamabad
_bNational Book Foundation
_c1991
300 _a99 p
505 _aDefinition (Page-13), Nature of PR (Page-15), Importance of PR (Page-22), Origin and Development in Pakistan (Page-25), Performance (Page-40), PR in Crisis Management (Page-49), Ethics in PR (Page-55), Publicity Campaigns (Page-66), Recommendations and Conclusions (Page-87).
650 _aPublic relations in pakistan
_9107146
942 _2ddc
_cBK
999 _c190826
_d190826